Natural resources and sustainable development (Record no. 2222)

MARC details
000 -LEADER
fixed length control field 00633nam a22002177a 4500
003 - CONTROL NUMBER IDENTIFIER
control field OSt
005 - DATE AND TIME OF LATEST TRANSACTION
control field 20150904143431.0
008 - FIXED-LENGTH DATA ELEMENTS--GENERAL INFORMATION
fixed length control field 150904b xxu||||| |||| 00| 0 eng d
020 ## - INTERNATIONAL STANDARD BOOK NUMBER
International Standard Book Number 9780816072156
040 ## - CATALOGING SOURCE
Transcribing agency DDC
082 ## - DEWEY DECIMAL CLASSIFICATION NUMBER
Classification number 333.7 PEA 2008
100 ## - MAIN ENTRY--PERSONAL NAME
Personal name Peacock, Kathy Wilson
9 (RLIN) 5656
245 ## - TITLE STATEMENT
Title Natural resources and sustainable development
260 ## - PUBLICATION, DISTRIBUTION, ETC. (IMPRINT)
Place of publication, distribution, etc. New York;
Name of publisher, distributor, etc. Facts on file,
Date of publication, distribution, etc. 2008
300 ## - PHYSICAL DESCRIPTION
Extent viii,392p;
Other physical details ill:
Dimensions 23.5cm
504 ## - BIBLIOGRAPHY, ETC. NOTE
Bibliography, etc Glossary, & index included
650 ## - SUBJECT ADDED ENTRY--TOPICAL TERM
Topical term or geographic name as entry element Sustainable development
9 (RLIN) 1103
650 ## - SUBJECT ADDED ENTRY--TOPICAL TERM
Topical term or geographic name as entry element Natural resources
9 (RLIN) 5657
700 ## - ADDED ENTRY--PERSONAL NAME
Personal name Foreworded by Jeremy Carl
9 (RLIN) 5658
942 ## - ADDED ENTRY ELEMENTS (KOHA)
Source of classification or shelving scheme Dewey Decimal Classification
Koha item type Open Shelf
Holdings
Withdrawn status Lost status Source of classification or shelving scheme Damaged status Not for loan Home library Current library Date acquired Source of acquisition Inventory number Total Checkouts Full call number Barcode Date last seen Koha item type Price effective from
    Dewey Decimal Classification     MUST Main Library MUST Main Library 04/09/2015   15/39257   333.7 PEA 2008 2015-2197 04/09/2015 Open Shelf  
    Dewey Decimal Classification     MUST Main Library MUST Main Library 11/09/2015   15/39261   333.7 PEA 2008 2015-2237 11/09/2015 Open Shelf  
    Dewey Decimal Classification     MUST Main Library MUST Main Library 03/07/2024 Purchase 2011/33855   333.7 PEA 2008 2024-21719 03/07/2024 Open Shelf 03/07/2024